Alphabet grec - Mort subite - Statistiques

Statistiques générales
  • Ce quiz a été pris 479 fois
  • Le résultat moyen est 7 sur 24
Answers on the Grid
Answers color-coded by a green-red scale on the quiz's grid according to % correct below.
Α
Β
Γ
Δ
Ε
Ζ
Η
Θ
Ι
Κ
Λ
Μ
Ν
Ξ
Ο
Π
Ρ
Σ
Τ
Υ
Φ
Χ
Ψ
Ω
C
D
F
G
J
L
Q
R
S
U
V
Э
Б
Д
Ж
З
И
Ц
Ч
Ш
Ъ
Ю
Я
 
Statistiques - réponses
Réponse % Correct
Δ
65%
Ω
64%
Σ
62%
Ψ
53%
Φ
49%
Θ
45%
Π
32%
Ξ
29%
Α
28%
Γ
27%
Λ
27%
Κ
23%
Χ
21%
Ε
20%
Β
19%
Ζ
18%
Υ
18%
Ο
17%
Μ
16%
Ρ
16%
Ν
15%
Τ
15%
Η
13%
Ι
12%
Aucun quiz correspondant
Distribution des résultats
% des personnes avec chaque résultat
Percentile par nombre de réponses
Votre historique - résultats
Vous n’avez pas pris ce quiz